| 000 | 01958nam a2200397 i 4500 | ||
|---|---|---|---|
| 003 | DO-SdBNP | ||
| 005 | 20240229073834.0 | ||
| 007 | ta | ||
| 008 | 240219s2010 dr a 000 0 spa d | ||
| 020 | _a9789945002775 | ||
| 040 |
_aDO-SdBNP _bspa _cBNPHU _erda |
||
| 041 | 1 | 7 |
_aspa _afre _aita _apor _aeng |
| 082 | 4 |
_222 _bM878 _a861.44 |
|
| 100 | 1 |
_aMorrison, Mateo, _d1947- _91469 |
|
| 245 | 1 | 3 |
_aPasajero del aire : _bPassager de l´aire = Passeggero dell´aria = Passageiro do ar = Passenger of the air / _cMateo Morrison ; ilustraciones Juan Mayí ; traducciones Gahston Saint-Fleur, María Antonietta Ferro, Cristiane Grando, Carmen R. Estrada, Timothy Wals |
| 264 | 1 |
_aSanto Domingo : _bEdiciones de Cultura, _c2010. |
|
| 300 |
_a119 páginas _c23 cm. |
||
| 336 |
_2rdacontent _atexto _btxt |
||
| 337 |
_2rdamedia _asin mediación _bn |
||
| 338 |
_2rdacarrier _avolumen _bnc |
||
| 505 | 0 |
_tPasajero del aire -- _t Passager de l'air -- _tPasseggero dell'aria -- _tPassageiro do ar -- _tPassenger of the air -- _tEl escapa alumbrado -- _tLa fuite illuminée -- _tLa fuga illuminata -- _tSaída alumbrada -- _tThe illuminated escape / |
|
| 546 | _aTexto en español, inglés y francés. | ||
| 586 | _aPremio Nacional de Literatura | ||
| 590 | _aInventariado, 2024/ YL | ||
| 650 | 4 | _aLiteratura dominicana | |
| 650 | 4 | _aPoesía dominicana | |
| 700 | 1 |
_aSaint-Fleur, Gahston _etraducción al francés _961577 |
|
| 700 | 1 |
_aFerro, María Antonietta _etraducción al italiano _984928 |
|
| 700 | 1 |
_aGrando, Cristiane _etraducción al portugués _984929 |
|
| 700 | 1 |
_aEstrada, Carmen R. _etraducción al ingles _949406 |
|
| 700 | 1 |
_aWalsh, Timothy _etraducción al ingles _949407 |
|
| 740 | 0 | _aThe great change : the social and economic transformation of the Dominican Republic, 1963-2013 | |
| 740 | 0 | _aLe grand changement : la transformation sociale et économique de la Republique Dominicaine, 1963-2013 | |
| 910 | _aYLockward | ||
| 942 |
_2ddc _cLBS1 |
||
| 999 |
_c55970 _d55970 |
||